000 00787cab a2200217 4500
001 ABS56316
008 090401t1996 xxu||||| |||| 00| 0 eng d
035 _a(Sirsi) u22807
041 _aeng
245 _aRoom to manoeuvre
260 _c1996
350 _a0
490 _aProperty Week
_v57(11) 13 December 1996, 28-31(4)
520 _aDiscusses the ever more varied and complex relocation advice to occupiers as a growing number of different advisers make the move into corporate real estate consultancy. The article brings together five property advisers to discuss the best approach to office relocation.
650 _aOFFICES
650 _aREAL ESTATE CONSULTANCY
650 _aRELOCATION
690 _aPROPERTY-COMMERCIAL PROPERTY
942 _n0
948 _c04/03/1997
999 _c15292
_d15292